| 000 | 00345nam a2200145Ia 4500 | ||
|---|---|---|---|
| 999 |
_c10817 _d10817 |
||
| 008 | 191201s2010 xx 000 0 und d | ||
| 082 |
_a330.954 _bDAI |
||
| 100 | _aDATT, Gaurav | ||
| 245 | 0 | _aIndian Economy | |
| 260 |
_aNew Delhi _bS Chand _c2021 |
||
| 300 | _a1064 | ||
| 650 | _aBA Economics | ||
| 700 | _aMAHAJAN, Ashwani | ||
| 942 |
_2ddc _cBK |
||